Every Song by Free - Statistics

General Stats
  • This quiz has been taken 2 times
  • The average score is 6 of 66
Answer Stats
Album Song % Correct
Fire and Water(1970) All Right Now
100%
Highway(1970) Be My Friend
50%
Free at Last(Bonus)1972) Burnin' (Molten Gold)
50%
Fire and Water(1970) Don't Say You Love Me
50%
Fire and Water(1970) Fire and Water
50%
Free Live!(1971) Get Where I Belong
50%
Heartbreaker(1973) Heartbreaker
50%
Tons of Sobs(1969) I'm a Mover
50%
Free(1969) Mouthful of Grass
50%
Fire and Water(1970) Oh I Wept
50%
Free at Last(1972) Travellin' Man
50%
Highway(1970) Bodie
0%
Free(1969) Broad Daylight
0%
Free at Last(1972) Catch a Train
0%
Free at Last(1972) Child
0%
Heartbreaker(1973) Come Together in the Morning
0%
Heartbreaker(1973) Common Mortal Man
0%
Heartbreaker(Bonus)(1973) Let Me Show You
0%
Completely Free(1982) Traveling Man
0%
Heartbreaker(1973) Easy on My Soul
0%
Free(1969) Free Me
0%
Tons of Sobs(1969) Goin' Down Slow
0%
Free at Last(1972) Goodbye
0%
Free at Last(1972) Guardian of the Universe
0%
Tons of Sobs(Bonus)(1969) Guy Stevens
0%
Heartbreaker(Bonus)(1973) Hand Me Down/Turn Me Round
0%
Fire and Water(1970) Heavy Load
0%
Free(1969) I'll Be Creepin'
0%
The Free Story(1973) Lady
0%
Free at Last(1972) Little Bit of Love
0%
Highway(1970) Love You So
0%
Free(1969) Lying in the Sunshine
0%
Free at Last(1972) Magic Ship
0%
Tons of Sobs(1969) Moonshine
0%
Free(1969) Mourning Sad Morning
0%
Fire and Water(1970) Mr. Big
0%
Heartbreaker(1973) Muddy Water
0%
Highway(Bonus)(1970) My Brother Jake
0%
Highway(Bonus)(1970) Only My Soul
0%
Highway(1970) On My Way
0%
Tons of Sobs(1969) Over the Green Hills (Pt. 1)
0%
Tons of Sobs(1969) Over the Green Hills (Pt. 2)
0%
Highway(Bonus)(1970) Rain
0%
Fire and Water(1970) Remember
0%
Highway(1970) Ride on a Pony
0%
Free at Last(1972) Sail On
0%
Heartbreaker(1973) Seven Angels
0%
Free at Last(1972) Soldier Boy
0%
Free(1969) Songs of Yesterday
0%
Highway(1970) Soon I Will Be Gone
0%
Highway(1970) Sunny Day
0%
Tons of Sobs(1969) Sweet Tooth
0%
Highway(1970) The Highway Song
0%
Tons of Sobs(1969) The Hunter
0%
Highway(1970) The Stealer
0%
Completely Free(1982) Travelin’ In Style
0%
Heartbreaker(1973) Travellin' in Style
0%
Free(1969) Trouble on Double Time
0%
Tons of Sobs(Bonus)(1969) Visions of Hell
0%
Tons of Sobs(Bonus)(1969) Waitin' on You
0%
Tons of Sobs(1969) Walk in My Shadow
0%
Tons of Sobs(1969) Wild Indian Woman
0%
Heartbreaker(1973) Wishing Well
0%
Free(1969) Woman
0%
Tons of Sobs(Bonus)(1969) Woman by the Sea
0%
Tons of Sobs(1969) Worry
0%
No matching quizzes found
Score Distribution
Percent of People with Each Score
Percentile by Number Answered
Your Score History
You have not taken this quiz